| 000 | 00579nam a22002171a 4500 | ||
|---|---|---|---|
| 001 | 881 | ||
| 003 | OSt | ||
| 005 | 20260204211713.0 | ||
| 008 | 040114s1999||||sp ||||||b||||||||||spa|| | ||
| 020 | _a8471123819 | ||
| 050 | _a370.194 H529e | ||
| 082 | _a370.194 H529e | ||
| 100 | _aHicks, David | ||
| 245 | _aEducación para la paz: cuestiones, principios y práctica en el aula / David Hicks | ||
| 250 | _a2 | ||
| 264 | _aEspaña : Ministerio de Educación y Cultura | ||
| 300 | _a301 p. | ||
| 500 | _aIncluye indice | ||
| 650 | _aEducación ComunitariaÌ | ||
| 942 |
_2ddc _cBK |
||
| 999 |
_c881 _d881 |
||